| 000 | 02940nam a22002777a 4500 | ||
|---|---|---|---|
| 005 | 2009121201301.0 | ||
| 020 |
_a8179870553 _c125.00 |
||
| 035 | _aB-376905-912 | ||
| 037 | _bविश्व बुक्स | ||
| 082 | _a423 | ||
| 245 |
_aविश्व हिंदी शब्दकोश / _cराकेश नाथ द्वारा संपादित |
||
| 260 |
_aनई दिल्ली _bविश्व बुक्स _c2009 |
||
| 270 |
_aबी-1/ई-7, मोहन कॉपरेटिव, बदरपुर _bनई दिल्ली _e110044 _k51678715 _mmybook@vishvbook.com |
||
| 300 |
_a368पृ. _c22सेमी (अजिल्द) |
||
| 700 |
_aनाथ, राकेश _9810 |
||
| 942 |
_2ddc _cCH _mविश्वहिं _h423 |
||
| 999 |
_c32626 _d32626 |
||